[Event "Titled Tuesday 2020.05.05"]
[Site "Chess.com INT"]
[Date "2020.05.05"]
[Round "8"]
[White "Do Valle Cardoso, Lucas"]
[Black "Golubka, Petro"]
[Result "0-1"]
[WhiteElo "2314"]
[BlackElo "2495"]
[WhiteFideId "-1"]
[BlackFideId "-1"]
[PlyCount "98"]
[GameId "1514686399311872"]
[EventDate "2020.05.05"]
[EventType "swiss (blitz)"]
[EventRounds "10"]
[EventCountry "NET"]
[SourceTitle "CBM 196 Extra"]
[Source "ChessBase"]
[SourceDate "2020.07.31"]
[SourceVersion "1"]
[SourceVersionDate "2020.07.31"]
[SourceQuality "1"]

1. e4 e5 2. Nf3 Nc6 3. Bb5 a6 4. Ba4 Nf6 5. O-O b5 6. Bb3 Be7 7. d4 d6 8. c3 Bg4 9. Be3 O-O 10. h3 Bh5 11. Nbd2 a5 12. a4 b4 13. Re1 bxc3 14. bxc3 d5 15. g4 Bg6 16. Nxe5 Nxe5 17. dxe5 Nxe4 18. Nxe4 dxe4 19. Qd5 h5 20. Rad1 Qc8 21. e6 hxg4 22. hxg4 Rb8 23. Bc4 fxe6 24. Qxe6+ Qxe6 25. Bxe6+ Bf7 26. Bxf7+ Kxf7 27. Bd4 Bd6 28. Rxe4 Rfe8 29. Rde1 Rxe4 30. Rxe4 Rb1+ 31. Kg2 Ra1 32. Be3 Ra3 33. Rc4 Ke6 34. Kf3 Kd5 35. Rd4+ Ke6 36. Re4+ Kd5 37. c4+ Kc6 38. Re6 Kd7 39. Rg6 Be5 40. Ke4 Ba1 41. Bd4 Bxd4 42. Kxd4 Rxa4 43. Rxg7+ Kc6 44. f4 Ra1 45. Rg6+ Kd7 46. Kc5 Rb1 47. f5 a4 48. g5 Rf1 49. f6 a3 0-1

[Event "Titled Tuesday 2020.05.05"]
[Site "Chess.com INT"]
[Date "2020.05.05"]
[Round "9"]
[White "Golubka, Petro"]
[Black "Vantika, Agrawal"]
[Result "1-0"]
[WhiteElo "2495"]
[BlackElo "2286"]
[WhiteFideId "-1"]
[BlackFideId "-1"]
[PlyCount "75"]
[GameId "1515683481899008"]
[EventDate "2020.05.05"]
[EventType "swiss (blitz)"]
[EventRounds "10"]
[EventCountry "NET"]
[SourceTitle "EXT 2021"]
[Source "ChessBase"]
[SourceDate "2020.10.23"]
[SourceVersion "1"]
[SourceVersionDate "2020.10.23"]
[SourceQuality "1"]

1. e4 c5 2. Nf3 d6 3. d4 cxd4 4. Qxd4 Nc6 5. Bb5 Bd7 6. Bxc6 Bxc6 7. Nc3 Nf6 8. Bg5 e6 9. O-O-O Be7 10. Kb1 O-O 11. h3 Qc7 12. Rhe1 Rfd8 13. g4 b5 14. Nd2 a5 15. f3 b4 16. Ne2 Qb7 17. Qe3 e5 18. Nc4 Bb5 19. Nb6 Rab8 20. Bxf6 Bxf6 21. Nd5 Be7 22. Ng3 Bc4 23. Nf5 Bf8 24. h4 a4 25. h5 b3 26. cxb3 axb3 27. a3 Rdc8 28. Qd2 Ba6 29. Nfe3 Rc5 30. g5 Rbc8 31. Nb4 Bb5 32. Nf5 d5 33. Nxd5 Rc2 34. Qe3 Ra8 35. Qxb3 Rcc8 36. g6 hxg6 37. hxg6 Rab8 38. Nde7+ 1-0

[Event "Titled Tuesday 2020.05.05"]
[Site "Chess.com INT"]
[Date "2020.05.05"]
[Round "10"]
[White "Kopylov, Michael"]
[Black "Golubka, Petro"]
[Result "0-1"]
[WhiteElo "2407"]
[BlackElo "2495"]
[WhiteFideId "-1"]
[BlackFideId "-1"]
[PlyCount "58"]
[GameId "1514686400143360"]
[EventDate "2020.05.05"]
[EventType "swiss (blitz)"]
[EventRounds "10"]
[EventCountry "NET"]
[SourceTitle "CBM 196 Extra"]
[Source "ChessBase"]
[SourceDate "2020.07.31"]
[SourceVersion "1"]
[SourceVersionDate "2020.07.31"]
[SourceQuality "1"]

1. d4 Nf6 2. c4 g6 3. g3 Bg7 4. Bg2 d5 5. Nf3 O-O 6. cxd5 Nxd5 7. O-O Nb6 8. Nc3 Nc6 9. d5 Nb4 10. e4 c6 11. a3 Na6 12. Bg5 h6 13. Bf4 Bg4 14. dxc6 bxc6 15. Qe2 Nc5 16. Rfd1 Qc8 17. Qe3 Nb3 18. Rab1 g5 19. Ne2 Na5 20. Bxg5 Nac4 21. Qf4 e5 22. Qc1 hxg5 23. Qxg5 Qe6 24. Nc3 Qg6 25. Qc1 Qh5 26. Rd3 Rad8 27. Qd1 Ne3 28. Rxd8 Nxd1 29. Rbxd1 Bxf3 0-1

[Event "Titled Tuesday 2020.04.28"]
[Site "Chess.com INT"]
[Date "2020.04.28"]
[Round "1"]
[White "Golubka, Petro"]
[Black "Collins, Martell"]
[Result "1-0"]
[WhiteElo "2495"]
[BlackElo "2262"]
[WhiteFideId "-1"]
[BlackFideId "-1"]
[PlyCount "63"]
[GameId "1515683255435264"]
[EventDate "2020.04.28"]
[EventType "swiss (blitz)"]
[EventRounds "10"]
[EventCountry "NET"]
[SourceTitle "EXT 2021"]
[Source "ChessBase"]
[SourceDate "2020.10.23"]
[SourceVersion "1"]
[SourceVersionDate "2020.10.23"]
[SourceQuality "1"]

1. e4 c5 2. Nf3 e6 3. Nc3 Nc6 4. Bb5 Nf6 5. Bxc6 bxc6 6. e5 Nd5 7. O-O Ba6 8. Re1 d6 9. exd6 Bxd6 10. Ne4 Be7 11. b3 O-O 12. Bb2 c4 13. Ne5 cxb3 14. axb3 Bb7 15. Nd3 Qb6 16. Qh5 Ba6 17. Ne5 Nf4 18. Qg4 Ng6 19. Nd7 Qb7 20. Nxf8 Rxf8 21. Qg3 c5 22. d3 c4 23. dxc4 Bxc4 24. Bxg7 Kxg7 25. bxc4 Rc8 26. c5 Qd5 27. Rxa7 Bxc5 28. Qc3+ e5 29. Ra5 Nf4 30. Kh1 Bxf2 31. Qxc8 Bxe1 32. Rxd5 1-0

[Event "Titled Tuesday 2020.04.28"]
[Site "Chess.com INT"]
[Date "2020.04.28"]
[Round "4"]
[White "Golubka, Petro"]
[Black "Hadzovic, Amir"]
[Result "1-0"]
[WhiteElo "2495"]
[BlackElo "2270"]
[WhiteFideId "-1"]
[BlackFideId "-1"]
[PlyCount "111"]
[GameId "1515683262156800"]
[EventDate "2020.04.28"]
[EventType "swiss (blitz)"]
[EventRounds "10"]
[EventCountry "NET"]
[SourceTitle "EXT 2021"]
[Source "ChessBase"]
[SourceDate "2020.10.23"]
[SourceVersion "1"]
[SourceVersionDate "2020.10.23"]
[SourceQuality "1"]

1. e4 e5 2. Nf3 Nc6 3. Bb5 g6 4. O-O Bg7 5. c3 d6 6. d4 Bd7 7. d5 Nb8 8. Bxd7+ Nxd7 9. c4 Ne7 10. Nc3 O-O 11. a4 a5 12. b3 b6 13. g3 h6 14. Ne1 f5 15. Nd3 f4 16. f3 h5 17. Qc2 Nc5 18. Nxc5 bxc5 19. Nb5 g5 20. Qg2 Ng6 21. Ra2 Bf6 22. Kf2 Qd7 23. Ke2 Kg7 24. Kd1 Rh8 25. Qg1 h4 26. g4 h3 27. Bd2 Ra6 28. Bc3 Nh4 29. Ke2 Rb8 30. Kd3 Bd8 31. Rd2 Bf6 32. Kc2 Qc8 33. Rdd1 Qd7 34. Qf2 Qe8 35. Bd2 Rba8 36. Nxc7 Qd7 37. Nxa8 Rxa8 38. Ra1 Qb7 39. b4 axb4 40. a5 Bd8 41. Kb3 Rxa5 42. Rxa5 Bxa5 43. Ra1 Bd8 44. Qf1 Kg6 45. Qxh3 Qd7 46. Be1 Qb7 47. Bxh4 gxh4 48. g5 Bxg5 49. Qf5+ Kh6 50. Rg1 Qg7 51. Qe6+ Qf6 52. Qg8 h3 53. Qc8 Qd8 54. Qxh3+ Kg6 55. Qe6+ Qf6 56. h4 1-0

[Event "Titled Tuesday 2020.04.28"]
[Site "Chess.com INT"]
[Date "2020.04.28"]
[Round "6"]
[White "Grabinsky, Joshua"]
[Black "Golubka, Petro"]
[Result "1-0"]
[WhiteElo "2251"]
[BlackElo "2495"]
[WhiteFideId "-1"]
[BlackFideId "-1"]
[PlyCount "85"]
[GameId "1515683265302528"]
[EventDate "2020.04.28"]
[EventType "swiss (blitz)"]
[EventRounds "10"]
[EventCountry "NET"]
[SourceTitle "EXT 2021"]
[Source "ChessBase"]
[SourceDate "2020.10.23"]
[SourceVersion "1"]
[SourceVersionDate "2020.10.23"]
[SourceQuality "1"]

1. e4 e5 2. Nf3 Nc6 3. d4 exd4 4. Nxd4 Bb4+ 5. c3 Bc5 6. Be3 Bb6 7. Nd2 Nf6 8. Bd3 O-O 9. Qc2 Ne5 10. Be2 d5 11. O-O-O Neg4 12. exd5 Nxe3 13. fxe3 Nxd5 14. Nc4 Qg5 15. Bf3 Bg4 16. h4 Qh5 17. Qe4 Nf6 18. Qf4 Rae8 19. Nxb6 axb6 20. Qg5 c5 21. Qxh5 Bxh5 22. Bxh5 cxd4 23. Bf3 dxc3 24. bxc3 Rxe3 25. Kd2 Re5 26. Bxb7 Ra5 27. Ra1 Rb8 28. Bf3 Nd7 29. Rhe1 Ne5 30. Kc2 Nxf3 31. gxf3 g6 32. Re4 Rba8 33. a4 b5 34. Kb3 h5 35. Rb4 Kg7 36. Ra3 g5 37. hxg5 bxa4+ 38. Kc2 Kg6 39. f4 Kf5 40. Kd3 h4 41. Ke3 h3 42. Kf3 Rh8 43. Rb6 1-0

[Event "Titled Tuesday 2020.04.28"]
[Site "Chess.com INT"]
[Date "2020.04.28"]
[Round "7"]
[White "Golubka, Petro"]
[Black "Moliboga, Vladimir"]
[Result "0-1"]
[WhiteElo "2495"]
[BlackElo "2283"]
[WhiteFideId "-1"]
[BlackFideId "-1"]
[PlyCount "64"]
[GameId "1515683266818048"]
[EventDate "2020.04.28"]
[EventType "swiss (blitz)"]
[EventRounds "10"]
[EventCountry "NET"]
[SourceTitle "EXT 2021"]
[Source "ChessBase"]
[SourceDate "2020.10.23"]
[SourceVersion "1"]
[SourceVersionDate "2020.10.23"]
[SourceQuality "1"]

1. e4 g6 2. d4 Bg7 3. c3 d6 4. h4 Nf6 5. Bd3 e5 6. dxe5 dxe5 7. Nf3 Bg4 8. Bg5 O-O 9. h5 h6 10. Bxf6 Qxf6 11. hxg6 fxg6 12. Nbd2 Nd7 13. Qe2 c6 14. O-O-O b5 15. Qe3 a5 16. Rxh6 Bxh6 17. Qxh6 Qg7 18. Qg5 Bxf3 19. Nxf3 Qf6 20. Qh6 Qf4+ 21. Qxf4 Rxf4 22. Bxb5 cxb5 23. Rxd7 Rxe4 24. Kd2 b4 25. Ng5 Rg4 26. Nh7 Rf4 27. Ke3 Rf7 28. Rxf7 Kxf7 29. c4 Rd8 30. Ng5+ Ke7 31. Ne4 Rd1 32. Nc5 Ra1 0-1

[Event "Titled Tuesday 2020.04.28"]
[Site "Chess.com INT"]
[Date "2020.04.28"]
[Round "8"]
[White "Hamley, Ryan"]
[Black "Golubka, Petro"]
[Result "0-1"]
[WhiteElo "2089"]
[BlackElo "2495"]
[WhiteFideId "-1"]
[BlackFideId "-1"]
[PlyCount "96"]
[GameId "1515683269156864"]
[EventDate "2020.04.28"]
[EventType "swiss (blitz)"]
[EventRounds "10"]
[EventCountry "NET"]
[SourceTitle "EXT 2021"]
[Source "ChessBase"]
[SourceDate "2020.10.23"]
[SourceVersion "1"]
[SourceVersionDate "2020.10.23"]
[SourceQuality "1"]

1. e4 e5 2. Nf3 Nc6 3. Bb5 Nf6 4. O-O d6 5. Re1 Bd7 6. c3 Be7 7. d4 O-O 8. Nbd2 exd4 9. cxd4 a6 10. Ba4 b5 11. Bc2 Nb4 12. Bb1 Re8 13. Nf1 Bg4 14. h3 Bh5 15. Ng3 Bg6 16. Nh4 c5 17. Nxg6 hxg6 18. Bf4 cxd4 19. Qxd4 Nc6 20. Qd2 Ne5 21. a4 Nc4 22. Qd4 Nd7 23. axb5 axb5 24. Rxa8 Qxa8 25. b3 Bf6 26. Qd1 Na3 27. Qxd6 Be5 28. Bxe5 Nxe5 29. f4 Re6 30. Qd2 Nc6 31. Bd3 Rd6 32. Qe3 Nb4 33. Rd1 Qd8 34. Qc5 Rd4 35. Kh2 Nxd3 36. Qxa3 Nxf4 37. Rxd4 Qxd4 38. Qa8+ Kh7 39. Qa2 b4 40. Qc2 Qc3 41. Qd1 Qe3 42. Qf1 f6 43. Qf3 Qd2 44. h4 Nd3 45. h5 Ne5 46. hxg6+ Kg8 47. Qf5 Qh6+ 48. Kg1 Nxg6 0-1

[Event "Titled Tuesday 2020.04.28"]
[Site "Chess.com INT"]
[Date "2020.04.28"]
[Round "9"]
[White "Wu, Brandon"]
[Black "Golubka, Petro"]
[Result "0-1"]
[WhiteElo "2123"]
[BlackElo "2495"]
[WhiteFideId "-1"]
[BlackFideId "-1"]
[PlyCount "106"]
[GameId "1515683270520832"]
[EventDate "2020.04.28"]
[EventType "swiss (blitz)"]
[EventRounds "10"]
[EventCountry "NET"]
[SourceTitle "EXT 2021"]
[Source "ChessBase"]
[SourceDate "2020.10.23"]
[SourceVersion "1"]
[SourceVersionDate "2020.10.23"]
[SourceQuality "1"]

1. Nf3 Nf6 2. c4 g6 3. g3 Bg7 4. Bg2 O-O 5. O-O d5 6. d4 dxc4 7. Qc2 Be6 8. Na3 Na6 9. Nxc4 Nb4 10. Qc3 a5 11. a3 Ne4 12. Qb3 b5 13. axb4 Bxc4 14. Qe3 Nf6 15. Ne5 Bd5 16. Nc6 Bxc6 17. Bxc6 Ra6 18. Bxb5 Nd5 19. Qf3 Rf6 20. Qg2 axb4 21. e4 Rb6 22. Bc4 Nf6 23. e5 Ng4 24. Rd1 Nxe5 25. Bb3 Nc6 26. d5 Nd4 27. Bc4 Rd6 28. Bf4 Rd7 29. Ra7 c5 30. Rxd7 Qxd7 31. Re1 h5 32. h3 Re8 33. Bg5 Bf6 34. Bxf6 exf6 35. Re4 Re5 36. f4 Rxe4 37. Qxe4 Qxh3 38. Qe3 Qd7 39. d6 Qxd6 40. Qe8+ Qf8 41. Bxf7+ Kg7 42. Bxg6 Qxe8 43. Bxe8 c4 44. Ba4 c3 45. bxc3 bxc3 46. Kf2 c2 47. Bxc2 Nxc2 48. Kf3 Kg6 49. g4 hxg4+ 50. Kxg4 Ne3+ 51. Kf3 Nf5 52. Ke4 Nh6 53. Kd5 Kf5 0-1

[Event "Titled Tuesday 2020.04.28"]
[Site "chess.com INT"]
[Date "2020.04.28"]
[Round "2"]
[White "Grischuk, Alexander"]
[Black "Golubka, Petro"]
[Result "0-1"]
[WhiteElo "2777"]
[BlackElo "2495"]
[WhiteFideId "-1"]
[BlackFideId "-1"]
[PlyCount "94"]
[GameId "2130307597354067"]
[EventDate "2020.04.28"]
[EventType "swiss"]
[EventRounds "9"]
[EventCountry "NET"]
[SourceTitle "10 Days #614"]
[Source "ChessMix"]
[SourceDate "2020.05.10"]
[SourceVersion "1"]
[SourceVersionDate "2020.05.10"]
[SourceQuality "1"]

1. Nf3 Nf6 2. g3 b6 3. d4 Bb7 4. c4 e6 5. Bg2 Bb4+ 6. Bd2 a5 7. O-O O-O 8. Bf4 Be7 9. Nc3 Ne4 10. Qc2 Nxc3 11. bxc3 Ra7 12. e4 d6 13. a4 Nd7 14. Rfe1 Qa8 15. h4 Nf6 16. Nd2 Nd7 17. Bh3 Re8 18. Be3 Nf6 19. f3 Bc6 20. Bf2 e5 21. Nf1 Bd7 22. Bg2 c5 23. Red1 cxd4 24. cxd4 Rc7 25. Qb3 Rec8 26. Ne3 exd4 27. Rxd4 Be6 28. f4 Qa6 29. Rad1 h5 30. f5 Bd7 31. Bf3 Rc5 32. Ng2 Re5 33. Nf4 Bc6 34. Re1 Qb7 35. Qd3 Bxa4 36. Nxh5 Nxh5 37. Bxh5 Bc6 38. Bf3 b5 39. cxb5 Bxb5 40. Qd2 a4 41. g4 Bc6 42. g5 a3 43. Bg3 Rb5 44. Rd3 Rb2 45. Qe3 a2 46. Rdd1 Ba4 47. Ra1 d5 0-1

[Event "Titled Tuesday 2020.04.28"]
[Site "chess.com INT"]
[Date "2020.04.28"]
[Round "3"]
[White "Golubka, Petro"]
[Black "Jones, Gawain"]
[Result "0-1"]
[WhiteElo "2495"]
[BlackElo "2670"]
[WhiteFideId "-1"]
[BlackFideId "-1"]
[PlyCount "168"]
[GameId "2130307597354110"]
[EventDate "2020.04.28"]
[EventType "swiss"]
[EventRounds "9"]
[EventCountry "NET"]
[SourceTitle "10 Days #614"]
[Source "ChessMix"]
[SourceDate "2020.05.10"]
[SourceVersion "1"]
[SourceVersionDate "2020.05.10"]
[SourceQuality "1"]

1. e4 e5 2. Nf3 Nc6 3. Bb5 a6 4. Ba4 d6 5. c3 Bd7 6. O-O g6 7. d4 Bg7 8. d5 Nce7 9. Bxd7+ Qxd7 10. c4 Nf6 11. Nc3 O-O 12. a4 a5 13. b3 b6 14. g3 Qg4 15. Ng5 Qxd1 16. Rxd1 Nd7 17. Rb1 Nc5 18. Kg2 h6 19. Nh3 f5 20. f3 g5 21. Be3 g4 22. Ng1 gxf3+ 23. Nxf3 fxe4 24. Nd2 Nf5 25. Bxc5 bxc5 26. Re1 e3 27. Nde4 h5 28. Nb5 Rac8 29. Na7 Rce8 30. Nb5 Re7 31. Na7 Bh6 32. Nc6 Ref7 33. Nxa5 Nd4 34. Rb2 e2 35. Nc6 Rf1 36. Rexe2 Nxe2 37. Rxe2 Rb1 38. a5 Ra8 39. Rf2 Rxb3 40. Ne7+ Kg7 41. Nf5+ Kh7 42. Nf6+ Kg6 43. Nh4+ Kf7 44. Ng4+ Kg7 45. Nf5+ Kg6 46. Ne7+ Kg7 47. Nf5+ Kg6 48. Ne7+ Kh7 49. Rf7+ Bg7 50. Nf6+ Kh6 51. Nfg8+ Rxg8 52. Nxg8+ Kh7 53. Ne7 Ra3 54. Nc6 e4 55. Re7 e3 56. Kf3 Kg6 57. Rxe3 Ra2 58. Re2 Ra4 59. Rc2 Kg5 60. h4+ Kf5 61. Ne7+ Kf6 62. Nc6 Kf5 63. Rc1 Bb2 64. Rb1 Ra3+ 65. Ke2 Bc3 66. Rf1+ Kg4 67. Rf4+ Kxg3 68. Rf7 Kxh4 69. Rxc7 Bxa5 70. Ra7 Bb4 71. Rxa3 Bxa3 72. Kf3 Kg5 73. Nd8 Kf6 74. Nb7 Ke5 75. Na5 Kd4 76. Nb7 Kxc4 77. Nxd6+ Kxd5 78. Ne4 c4 79. Nf6+ Kd4 80. Nxh5 c3 81. Nf4 c2 82. Ne2+ Kd3 83. Nf4+ Kd2 84. Ne2 Bc5 0-1

[Event "Titled Tuesday 2020.04.28"]
[Site "chess.com INT"]
[Date "2020.04.28"]
[Round "5"]
[White "Hess, Robert L"]
[Black "Golubka, Petro"]
[Result "1-0"]
[WhiteElo "2591"]
[BlackElo "2495"]
[WhiteFideId "-1"]
[BlackFideId "-1"]
[PlyCount "43"]
[GameId "2130307597358301"]
[EventDate "2020.04.28"]
[EventType "swiss"]
[EventRounds "9"]
[EventCountry "NET"]
[SourceTitle "10 Days #614"]
[Source "ChessMix"]
[SourceDate "2020.05.10"]
[SourceVersion "1"]
[SourceVersionDate "2020.05.10"]
[SourceQuality "1"]

1. d4 Nf6 2. c4 g6 3. Nc3 d5 4. Bg5 Ne4 5. Bh4 g5 6. Bg3 h5 7. Nxd5 e6 8. Nc3 Nxc3 9. bxc3 h4 10. Be5 f6 11. Qd3 Be7 12. Nf3 Nc6 13. Qg6+ Kd7 14. d5 Nxe5 15. Nxe5+ fxe5 16. Rd1 Qg8 17. dxe6+ Kc6 18. Qe4+ Kb6 19. Rb1+ Ka6 20. c5 b5 21. Qc6+ Ka5 22. Qxb5# 1-0

[Event "Titled Tuesday 2020.04.21"]
[Site "Chess.com INT"]
[Date "2020.04.21"]
[Round "2"]
[White "Shi, Jason"]
[Black "Golubka, Petro"]
[Result "1-0"]
[WhiteElo "2124"]
[BlackElo "2495"]
[WhiteFideId "-1"]
[BlackFideId "-1"]
[PlyCount "71"]
[GameId "1515683118170112"]
[EventDate "2020.04.21"]
[EventType "swiss (blitz)"]
[EventRounds "10"]
[EventCountry "NET"]
[SourceTitle "EXT 2021"]
[Source "ChessBase"]
[SourceDate "2020.10.23"]
[SourceVersion "1"]
[SourceVersionDate "2020.10.23"]
[SourceQuality "1"]

1. d4 Nf6 2. c4 g6 3. Nc3 Bg7 4. e4 d5 5. cxd5 Nxd5 6. exd5 O-O 7. Nf3 c6 8. dxc6 Nxc6 9. Be3 Bg4 10. Be2 Bxf3 11. Bxf3 Nxd4 12. O-O Rb8 13. Bf4 e5 14. Be3 b5 15. Nd5 a5 16. Rc1 a4 17. Nb4 Qd6 18. Nc6 Rbc8 19. Nxd4 exd4 20. Bg5 d3 21. b3 a3 22. h4 h6 23. Be3 h5 24. Be4 Rxc1 25. Qxc1 Rd8 26. Rd1 Qe7 27. Rxd3 Qxh4 28. Bg5 Qxe4 29. Rxd8+ Kh7 30. Rd1 Qg4 31. Re1 b4 32. Qf4 Qd7 33. Re7 Qd1+ 34. Kh2 Qd5 35. Qxf7 Qxg5 36. Qxg7# 1-0

[Event "Titled Tuesday 2020.04.21"]
[Site "Chess.com INT"]
[Date "2020.04.21"]
[Round "3"]
[White "Golubka, Petro"]
[Black "Agrest, Inna"]
[Result "1/2-1/2"]
[WhiteElo "2495"]
[BlackElo "2284"]
[WhiteFideId "-1"]
[BlackFideId "-1"]
[PlyCount "59"]
[GameId "1515683120078848"]
[EventDate "2020.04.21"]
[EventType "swiss (blitz)"]
[EventRounds "10"]
[EventCountry "NET"]
[SourceTitle "EXT 2021"]
[Source "ChessBase"]
[SourceDate "2020.10.23"]
[SourceVersion "1"]
[SourceVersionDate "2020.10.23"]
[SourceQuality "1"]

1. e4 e5 2. Nf3 Nc6 3. Bb5 a6 4. Ba4 Nf6 5. O-O Bc5 6. c3 b5 7. Bb3 d6 8. d4 Bb6 9. a4 Bg4 10. d5 Ne7 11. Bc2 Ng6 12. h3 Bd7 13. Be3 Rb8 14. Bxb6 Rxb6 15. axb5 axb5 16. Nbd2 O-O 17. Kh2 Nf4 18. Ng1 Qc8 19. Ne2 N6h5 20. Nxf4 Nxf4 21. Qf3 f5 22. exf5 Bxf5 23. Bxf5 Qxf5 24. Ra7 Qf7 25. Rd1 Nxd5 26. Qxf7+ Rxf7 27. Ne4 Nf6 28. Ng5 Re7 29. Rda1 Rb8 30. Ra8 1/2-1/2

[Event "Titled Tuesday 2020.04.21"]
[Site "Chess.com INT"]
[Date "2020.04.21"]
[Round "4"]
[White "Replay, Nudeem"]
[Black "Golubka, Petro"]
[Result "0-1"]
[WhiteElo "2227"]
[BlackElo "2495"]
[WhiteFideId "-1"]
[BlackFideId "-1"]
[PlyCount "84"]
[GameId "1515683122327552"]
[EventDate "2020.04.21"]
[EventType "swiss (blitz)"]
[EventRounds "10"]
[EventCountry "NET"]
[SourceTitle "EXT 2021"]
[Source "ChessBase"]
[SourceDate "2020.10.23"]
[SourceVersion "1"]
[SourceVersionDate "2020.10.23"]
[SourceQuality "1"]

1. e4 e5 2. Nc3 Nc6 3. Bc4 Nf6 4. d3 Bb4 5. Bg5 h6 6. Bxf6 Bxc3+ 7. bxc3 Qxf6 8. Ne2 Na5 9. Bb3 O-O 10. O-O d6 11. f4 Bg4 12. f5 Nxb3 13. axb3 c6 14. h3 Bxe2 15. Qxe2 d5 16. Ra5 Rfd8 17. c4 b6 18. Ra6 dxe4 19. Qxe4 Rd4 20. Qe3 h5 21. Rfa1 Qxf5 22. Rxa7 Rxa7 23. Rxa7 Rf4 24. Ra1 c5 25. Re1 f6 26. Qg3 h4 27. Qe3 Kh7 28. Re2 Rf1+ 29. Kh2 Kg6 30. Qe4 Qxe4 31. dxe4 Rd1 32. g3 hxg3+ 33. Kxg3 Kh5 34. Rh2 Re1 35. Kf3 Kh4 36. Rd2 Kxh3 37. Rd6 Rc1 38. Rxb6 Rxc2 39. Rb5 Rc3+ 40. Kf2 Kg4 41. Rb7 Kf4 42. Rxg7 Kxe4 0-1

[Event "Titled Tuesday 2020.04.21"]
[Site "Chess.com INT"]
[Date "2020.04.21"]
[Round "5"]
[White "Manukian, Artak"]
[Black "Golubka, Petro"]
[Result "1/2-1/2"]
[WhiteElo "2196"]
[BlackElo "2495"]
[WhiteFideId "-1"]
[BlackFideId "-1"]
[PlyCount "60"]
[GameId "1515683123884032"]
[EventDate "2020.04.21"]
[EventType "swiss (blitz)"]
[EventRounds "10"]
[EventCountry "NET"]
[SourceTitle "EXT 2021"]
[Source "ChessBase"]
[SourceDate "2020.10.23"]
[SourceVersion "1"]
[SourceVersionDate "2020.10.23"]
[SourceQuality "1"]

1. e4 e5 2. Nf3 Nc6 3. d4 exd4 4. Nxd4 Nf6 5. Nxc6 bxc6 6. e5 Qe7 7. Qe2 Nd5 8. c4 Ba6 9. b3 g5 10. g3 Bg7 11. Bb2 Nb4 12. a3 Nd5 13. Bg2 Rb8 14. Nd2 O-O 15. O-O Nb6 16. Rfe1 Rfe8 17. Qg4 d5 18. Nf3 Bc8 19. Qxg5 Qxg5 20. Nxg5 Nxc4 21. bxc4 Rxb2 22. cxd5 h6 23. Ne4 cxd5 24. Nf6+ Bxf6 25. exf6 Rxe1+ 26. Rxe1 Be6 27. Rc1 c5 28. f4 c4 29. f5 Bxf5 30. Bxd5 Rb6 1/2-1/2

[Event "Titled Tuesday 2020.04.21"]
[Site "Chess.com INT"]
[Date "2020.04.21"]
[Round "6"]
[White "Golubka, Petro"]
[Black "Nilsson, Joakim"]
[Result "1-0"]
[WhiteElo "2495"]
[BlackElo "2215"]
[WhiteFideId "-1"]
[BlackFideId "-1"]
[PlyCount "117"]
[GameId "1515683126501376"]
[EventDate "2020.04.21"]
[EventType "swiss (blitz)"]
[EventRounds "10"]
[EventCountry "NET"]
[SourceTitle "EXT 2021"]
[Source "ChessBase"]
[SourceDate "2020.10.23"]
[SourceVersion "1"]
[SourceVersionDate "2020.10.23"]
[SourceQuality "1"]

1. e4 c5 2. Nf3 e6 3. d4 cxd4 4. Nxd4 Nc6 5. Nc3 Qc7 6. a3 a6 7. Be3 Nf6 8. f3 b5 9. Qd2 Bb7 10. g4 Be7 11. O-O-O Rc8 12. g5 Nh5 13. Ndxb5 axb5 14. Nxb5 Qd8 15. f4 e5 16. f5 Nf4 17. f6 gxf6 18. gxf6 Bxf6 19. Nd6+ Kf8 20. Nxb7 Qc7 21. Qxd7 Nd4 22. Qxc7 Rxc7 23. Rxd4 exd4 24. Bxf4 Rxb7 25. e5 Be7 26. Bh6+ Ke8 27. Rg1 Bh4 28. Bd3 Bf2 29. Rg2 Be3+ 30. Bxe3 dxe3 31. Rg3 Ke7 32. Rxe3 Rg8 33. b4 Ra7 34. Be4 Rg5 35. Bc6 Ke6 36. Kb2 Rxe5 37. Rh3 f6 38. c4 Kd6 39. Bd5 Rg7 40. Rf3 Ke7 41. Rh3 Kd6 42. Rh6 Rf5 43. Kb3 Ke5 44. b5 Kd4 45. Kb4 Rg1 46. Rh4+ Ke3 47. b6 Rb1+ 48. Kc5 Rf2 49. Rxh7 Ra2 50. Ra7 Rb3 51. a4 f5 52. b7 f4 53. Ra8 f3 54. Re8+ Kf4 55. Rf8+ Kg4 56. Bxf3+ Rxf3 57. Rxf3 Rb2 58. Rf7 Kh3 59. a5 1-0

[Event "Titled Tuesday 2020.04.21"]
[Site "Chess.com INT"]
[Date "2020.04.21"]
[Round "7"]
[White "Golubka, Petro"]
[Black "Gschnitzer, Adrian"]
[Result "1/2-1/2"]
[WhiteElo "2495"]
[BlackElo "2404"]
[WhiteFideId "-1"]
[BlackFideId "-1"]
[PlyCount "134"]
[GameId "1515683128287232"]
[EventDate "2020.04.21"]
[EventType "swiss (blitz)"]
[EventRounds "10"]
[EventCountry "NET"]
[SourceTitle "EXT 2021"]
[Source "ChessBase"]
[SourceDate "2020.10.23"]
[SourceVersion "1"]
[SourceVersionDate "2020.10.23"]
[SourceQuality "1"]

1. e4 c6 2. c4 d5 3. cxd5 cxd5 4. exd5 Nf6 5. Nc3 Nxd5 6. Nf3 Nc6 7. Qb3 Nxc3 8. Bc4 e6 9. bxc3 Bd6 10. d4 O-O 11. Bd3 b6 12. Qc2 g6 13. Bh6 Re8 14. O-O Bb7 15. a4 Rc8 16. Qd2 Ne7 17. Ng5 Qc7 18. Qe2 Nf5 19. Bxf5 exf5 20. Qa2 Bxh2+ 21. Kh1 Bd6 22. Rfe1 Re7 23. a5 Rce8 24. Qxf7+ Rxf7 25. Rxe8+ Rf8 26. Bxf8 Qc6 27. d5 Qxe8 28. Bxd6 Bxd5 29. axb6 axb6 30. Bf4 h6 31. Nf3 Bxf3 32. gxf3 Qe2 33. Kg2 Qe7 34. Ra8+ Kf7 35. Rb8 Qc5 36. Rb7+ Ke6 37. Bxh6 Qxc3 38. Rxb6+ Kf7 39. Rb7+ Kg8 40. Bg5 Qc6 41. Rb8+ Kf7 42. Rd8 Qe6 43. Rd2 Qc4 44. Rb2 f4 45. Rb6 Kg8 46. Rxg6+ Kf7 47. Rf6+ Kg7 48. Rxf4 Qd5 49. Rg4 Kf7 50. Be3 Ke6 51. Re4+ Kf7 52. Rf4+ Ke6 53. Re4+ Kf7 54. Rg4 Ke6 55. Kg3 Qa2 56. f4 Qb1 57. Rg5 Qg1+ 58. Kf3 Qh1+ 59. Kg3 Qg1+ 60. Kf3 Qh1+ 61. Ke2 Qb1 62. Re5+ Kf7 63. Kf3 Qd1+ 64. Kg3 Qg1+ 65. Kf3 Qd1+ 66. Kg3 Qg1+ 67. Kf3 Qd1+ 1/2-1/2